000 00442nam a2200181Ia 4500
005 20250603145957.0
008 250603s9999 xx 000 0 und d
020 _a9789350143629
050 _aTK 3001 .G87/
100 _aGupta J. B.
245 0 _aTransmission and distribution of electrical power
260 _aNew Delhi
260 _bS. K. Kataria & Sons
260 _c2016
300 _a450 p
650 _aNew Delhi
942 _cBK
999 _c43408
_d43408